000 00665nam a22001815i 4500
001 159054
003 ES-MaACL
005 20251014063229.0
008 981126s1891 po |||| | por d
040 _aCCPB | B
_bspa
_cCCPB | B
100 1 _aMartins, Oliveira,
_d1845-1894
_9129586
245 1 3 _aOs filhos de D. Joao I /
_cpor J. P. Oliveira Martins.
260 _aPorto :
_bAntigua Livraria Chardron,
_c1891 (
_eLisboa :
_fImprensa Nacional)
300 _aVII, 471 p. ;
_c24 cm.
651 4 _aPortugal-
_xHistoria-
_y1385-1580, Época de los descubrimientos.
_9168875
852 _aES-MaACL
_jG-7650
_z-- Enc. pasta española
999 _c159054
_d159054